000 00288 a2200121 4500
999 _c322096
_d322096
001 87023
003 NUST
005 20180124122821.0
008 180124b xxu||||| |||| 00| 0 eng d
082 _a291.44 DYE
100 _aDyer, Wayne
_99689
245 _aYour Secreed Self
_hEnglish
260 _aNew York
_bQuill, Harper Collins
_c2001
300 _axii+379p
942 _aAHQ
_cBK
_k291.44 DYE
_2ddc